00223nam a2200097Ia 4500100002300000654002100023245002200044260003300066082001400099546001200113 aMilenkovic/ Milan  aOperating System aOperating Systems bMc Graw HillaNew Yorkc1992 a5.43bPAN aENGLISH